Traité général des tarifs de chemins de fer, contenant une étude spéciale des tarifs appliqués en Allemagne, Autriche-Hongrie, Suisse, Italie, France, Belgiuqe, Hollande, Angleterre et Russie. (Record no. 22535)

MARC details
000 -LEADER
fixed length control field 00788cam a22002051 4500
001 - CONTROL NUMBER
control field f 01001153
003 - CONTROL NUMBER IDENTIFIER
control field DLC
005 - DATE AND TIME OF LATEST TRANSACTION
control field 20260227111239.0
008 - FIXED-LENGTH DATA ELEMENTS--GENERAL INFORMATION
fixed length control field 850326s1890 fr 000 0 fre
010 ## - LIBRARY OF CONGRESS CONTROL NUMBER
LC control number f 01001153
035 ## - SYSTEM CONTROL NUMBER
System control number (OCoLC)11847616
040 ## - CATALOGING SOURCE
Original cataloging agency DLC
Transcribing agency NhD
Modifying agency DLC
050 00 - LIBRARY OF CONGRESS CALL NUMBER
Classification number HE1882
Item number .U45
100 1# - MAIN ENTRY--PERSONAL NAME
Personal name Ulrich, Franz,
Dates associated with a name 1844-
245 00 - TITLE STATEMENT
Title Traité général des tarifs de chemins de fer, contenant une étude spéciale des tarifs appliqués en Allemagne, Autriche-Hongrie, Suisse, Italie, France, Belgiuqe, Hollande, Angleterre et Russie.
Statement of responsibility, etc. Par F. Ulrich ... Éd. française rev. par l'auteur.
260 ## - PUBLICATION, DISTRIBUTION, ETC.
Place of publication, distribution, etc. Paris [etc.]
Name of publisher, distributor, etc. Baudry et cie,
Date of publication, distribution, etc. 1890.
300 ## - PHYSICAL DESCRIPTION
Extent 2 p. l., x, 555 p.
Dimensions 25 cm.
500 ## - GENERAL NOTE
General note p. 555 wrongly numbered 355.
650 #0 - SUBJECT ADDED ENTRY--TOPICAL TERM
Topical term or geographic name entry element Railroads
General subdivision Freight
-- Rates.

No items available.

Powered by Koha